000 00388nam a22001337a 4500
008 140411b xxu||||| |||| 00| 0 eng d
020 _a9780141191195
050 _aPG3365.P231
100 _aTolstoy, Leo
_99894
245 _aLast Steps
_bthe late writings of Leo Tolstoy
_cLeo Tolstoy
260 _aLondon
_bPenguin Books
_c2009
300 _axxv, 336p. ;
_c20cm.
942 _2lcc
_cMONOGRAPH
999 _c120412
_d120412